Urban life : readings in urban anthropology

Αποθηκεύτηκε σε:
Λεπτομέρειες βιβλιογραφικής εγγραφής
Κύριος συγγραφέας: Gmelch, George
Άλλοι συγγραφείς: Zenner, Walter P.
Μορφή: Βιβλίο
Γλώσσα:English
Δημοσίευση: Prospect Heights : Waveland, 1996
Έκδοση:3rd ed.
Θέματα:
Ετικέτες: Προσθήκη ετικέτας
Δεν υπάρχουν, Καταχωρήστε ετικέτα πρώτοι!

MARC

LEADER 00000nam a2200000 i 4500
001 1/11503
008 980120s1996 eng d
020 |a 0-88133-860-5 
035 |1 ΠΑΡ  |a 1997  |l 10018277 
040 |a GR-MY-UA  |b gre  |e aacr 
041 0 |a eng 
082 0 |a 307.76 
100 1 |a Gmelch, George. 
245 1 0 |a Urban life :  |b readings in urban anthropology /  |c George Gmelch; Walter P. Zenner 
250 |a 3rd ed. 
260 |a Prospect Heights :   |b Waveland,   |c 1996 
300 |a xi, 603 σ.;  |b εικ.;  |c 23 εκ. 
504 |a Βιβλιογραφία: σ. 563-595 
650 0 0 |a Urban anthropology. 
650 0 0 |a Sociology, Urban. 
700 1 |a Zenner, Walter P. 
852 |a INST  |b LESVOS  |e 19980120  |h 307.76 GME  |p 005100015242  |q 005100015242  |t BK  |y 0 
901 |a BIBL-1998-2 
909 |a Λ  |b 052915 
922 |a 1ΕΛΗ  |b 199801  |c ΚΠΣ/ΠΑΠΑΓΑΡΟΥΦΑΛΗ  |d ΠΑΠΑΣΩΤΗΡΙΟΥ 
950 |a 146/1996-02-06